000 00637nam a2200193Ia 4500
008 151121s9999||||xx |||||||||||||| ||und||
082 _a413।3/
082 _bHNW-63864
100 _aप्रकाशक
245 _aप्रशासन वाक्यप्रयोग
260 _bभाषा संचालनालय महा। शासन
260 _c--
300 _a314
600 _aप्रकाशक
630 _aप्रशासन वाक्यप्रयोग
700 _aप्रकाशक
730 _aप्रशासन वाक्यप्रयोग
942 _cBOOK
999 _c1245394
_d1245391